LEADER 02180nam 2200577 450 001 9910133529203321 005 20221206095550.0 010 $a2-35159-339-1 024 7 $a10.4000/books.ifpo.2826 035 $a(CKB)3390000000053802 035 $a(SSID)ssj0001541358 035 $a(PQKBManifestationID)11856677 035 $a(PQKBTitleCode)TC0001541358 035 $a(PQKBWorkID)11534992 035 $a(PQKB)10438219 035 $a(WaSeSS)IndRDA00057113 035 $a(FrMaCLE)OB-ifpo-2826 035 $a(oapen)https://directory.doabooks.org/handle/20.500.12854/41807 035 $a(PPN)182829863 035 $a(EXLCZ)993390000000053802 100 $a20160829d2013 uy | 101 0 $afre 135 $aur||||||||||| 181 $ctxt 182 $cc 183 $acr 200 10$aDes banlieues à la ville $eespaces et acteurs de la négociation urbaine ; actes du colloque de Beyrouth, 31 octobre-1st, novembre 2011 /$fÉlisabeth Longuenesse et Caecilia Pieri 210 $cPresses de l?Ifpo$d2013 210 31$aFrance :$cPresses de l'Ifpo,$d2013 215 $a1 online resource (170 pages) $cillustrations 225 0 $aColloques et journe?es d'e?tudes ;$v3 300 $aBibliographic Level Mode of Issuance: Monograph 320 $aIncludes bibliographical references. 330 $aThis online publication resumes the conference which was organized by the French Institute in Beirut and the French Institute of the Near East, with the support of Alembert Fund, on the 31st of October and the 1st of November 2011, within the framework of the ?Salon du Livre Francophone? of Beirut. 606 $aBusiness & Economics$2HILCC 606 $aLabor & Workers' Economics$2HILCC 610 $anégociation urbaine 610 $aLiban 610 $aville 610 $aBeyrouth 610 $abanlieue 615 7$aBusiness & Economics 615 7$aLabor & Workers' Economics 700 $aLonguenesse$b Élisabeth$0657755 702 $aPieri$b Caecilia 801 0$bPQKB 801 2$bUkMaJRU 906 $aBOOK 912 $a9910133529203321 996 $aDes banlieues à la ville$92257155 997 $aUNINA LEADER 03130nam 22005655 450 001 9910437645603321 005 20230912161100.0 010 $a9783110726572 010 $a3110726572 035 $a(CKB)4100000011717022 035 $a(DE-B1597)571987 035 $a(DE-B1597)9783110726572 035 $a(OCoLC)1226332250 035 $a(oapen)https://directory.doabooks.org/handle/20.500.12854/45553 035 $a(MiAaPQ)EBC7015146 035 $a(Au-PeEL)EBL7015146 035 $a(oapen)doab45553 035 $a(EXLCZ)994100000011717022 100 $a20201212h20202020 fg 101 0 $aeng 135 $aur||#|||||||| 181 $ctxt$2rdacontent 182 $cc$2rdamedia 183 $acr$2rdacarrier 200 10$aDunhuang Manuscript Culture $eEnd of the First Millennium /$fImre Galambos 205 $a1st ed. 210 $cDe Gruyter$d2020 210 1$aBerlin ;$aBoston :$cDe Gruyter,$d[2020] 210 4$d©2020 215 $a1 online resource (VIII, 290 p.) 225 0 $aStudies in Manuscript Cultures ;$v22 311 08$a9783110723496 311 08$a3110723492 327 $tFrontmatter --$tContents --$tAcknowledgements --$tIntroduction --$t1 Multiple-text Manuscripts --$t2 Manuscripts Written by Students --$t3 Writing from Left to Right --$t4 Circulars and Names --$tConcluding Remarks --$tReferences --$tIndex --$tAbout the Author 330 $a?Dunhuang Manuscript Culture? explores the world of Chinese manuscripts from ninth-tenth century Dunhuang, an oasis city along the network of pre-modern routes known today collectively as the Silk Roads. The manuscripts have been discovered in 1900 in a sealed-off side-chamber of a Buddhist cave temple, where they had lain undisturbed for for almost nine hundred years. The discovery comprised tens of thousands of texts, written in over twenty different languages and scripts, including Chinese, Tibetan, Old Uighur, Khotanese, Sogdian and Sanskrit. This study centres around four groups of manuscripts from the mid-ninth to the late tenth centuries, a period when the region was an independent kingdom ruled by local families. The central argument is that the manuscripts attest to the unique cultural diversity of the region during this period, exhibiting?alongside obvious Chinese elements?the heavy influence of Central Asian cultures. As a result, it was much less ?Chinese? than commonly portrayed in modern scholarship. The book makes a contribution to the study of cultural and linguistic interaction along the Silk Roads. 410 0$aStudies in Manuscript Cultures Series 606 $aLITERARY CRITICISM / Asian / Chinese$2bisacsh 607 $aDunhuang (China)$xHistory 610 $aCentral Asia. 610 $aChinese manuscripts. 610 $aDunhuang manuscripts. 610 $aSilk Road. 615 7$aLITERARY CRITICISM / Asian / Chinese. 700 $aGalambos$b Imre$4aut$4http://id.loc.gov/vocabulary/relators/aut$0697324 801 0$bDE-B1597 801 1$bDE-B1597 906 $aBOOK 912 $a9910437645603321 996 $aDunhuang Manuscript Culture$91949391 997 $aUNINA